| 000 | 00720nam a2200277Ia 4500 | ||
|---|---|---|---|
| 003 | OSt | ||
| 005 | 20260511095652.0 | ||
| 008 | 210417s9999 xx 000 0 und d | ||
| 020 | _a9780590108447 | ||
| 040 | _c- | ||
| 050 |
_a823.0083 _bABB |
||
| 082 |
_a823.0083 _bABB |
||
| 082 | _b2.823.0083ABB | ||
| 100 | _aAbbott, Tony | ||
| 245 | 0 |
_aThe Sleeping Giant of Goll _cby Tony Abbott; Illustrated by Tim Jessell |
|
| 245 | 0 | _cThe Sleeping Giant of Goll | |
| 250 | _b"91p. : ill,pbk" | ||
| 260 | _aNew York | ||
| 260 | _bScholastic Inc., | ||
| 260 | _c2000 | ||
| 300 | _a91p. | ||
| 490 | _3pbk | ||
| 700 | _a"Abbot,Tony" | ||
| 700 | _bTony Abbot ; illustrated by Tim Jessell | ||
| 942 |
_2ddc _cENGLISH |
||
| 999 |
_c479353 _d479353 |
||